[Event "Titled Tuesday intern op 04th Mar Early"]
[Site "Chess.com INT"]
[Date "2025.03.04"]
[Round "1"]
[White "Askarov, Bakhtiyar"]
[Black "Fule, Simon"]
[Result "1-0"]
[WhiteElo "2314"]
[BlackElo "2240"]
[PlyCount "57"]
[EventDate "2025.03.04"]
[EventType "swiss (blitz)"]
[EventRounds "11"]
[EventCountry "USA"]
[SourceTitle "CB11_2025"]
[SourceDate "2025.03.12"]
[SourceVersion "1"]
[SourceVersionDate "2025.03.12"]
[SourceQuality "1"]

1. e4 e5 2. Bc4 Nf6 3. d3 Nc6 4. Nc3 Be7 5. Nge2 Na5 6. Ng3 d6 7. 0-0 c6 8. Bb3 Nxb3 9. axb3 Be6 10. f4 Qb6+ 11. Kh1 0-0-0 12. Qe1 exf4 13. Bxf4 d5 14. Na4 Qb4 15. Bd2 Qb5 16. exd5 Qxd5 17. Nc3 Qd7 18. Rxa7 Kb8 19. Qa1 Qd4 20. Bf4+ Kc8 21. Qa5 Bd6 22. Bxd6 Qxd6 23. Nge4 Nxe4 24. Nxe4 Qc7 25. Ra8+ Kd7 26. Nc5+ Kd6 27. Rxd8+ Rxd8 28. Nxb7+ Qxb7 29. Qxd8+ 1-0

[Event "Titled Tuesday intern op 04th Mar Early"]
[Site "Chess.com INT"]
[Date "2025.03.04"]
[Round "2"]
[White "Fule, Simon"]
[Black "Fernandez Hernandez, Gerardo"]
[Result "1-0"]
[WhiteElo "2240"]
[BlackElo "2147"]
[PlyCount "39"]
[EventDate "2025.03.04"]
[EventType "swiss (blitz)"]
[EventRounds "11"]
[EventCountry "USA"]
[SourceTitle "CB11_2025"]
[SourceDate "2025.03.12"]
[SourceVersion "1"]
[SourceVersionDate "2025.03.12"]
[SourceQuality "1"]

1. e4 e6 2. d4 d5 3. Nc3 Nc6 4. e5 f6 5. Bb5 Bd7 6. Nf3 Qe7 7. 0-0 Qf7 8. Re1 Nge7 9. Bf4 fxe5 10. Bxe5 0-0-0 11. Bg3 Qh5 12. h3 g5 13. Be2 Qg6 14. Bd3 Qf6 15. Ne5 Nf5 16. Nxc6 Bxc6 17. Be5 Qh6 18. Bxh8 Bd6 19. Be5 Bxe5 20. Bxf5 1-0

[Event "Titled Tuesday intern op 04th Mar Early"]
[Site "Chess.com INT"]
[Date "2025.03.04"]
[Round "8"]
[White "Fule, Simon"]
[Black "Nithyalakshmi, Sivanesan"]
[Result "0-1"]
[WhiteElo "2240"]
[BlackElo "1897"]
[PlyCount "92"]
[EventDate "2025.03.04"]
[EventType "swiss (blitz)"]
[EventRounds "11"]
[EventCountry "USA"]
[SourceTitle "CB11_2025"]
[SourceDate "2025.03.12"]
[SourceVersion "1"]
[SourceVersionDate "2025.03.12"]
[SourceQuality "1"]

1. e4 c5 2. Nf3 Nc6 3. d4 cxd4 4. Nxd4 g6 5. c4 Bg7 6. Be3 Nf6 7. Nc3 Ng4 8. Qxg4 Nxd4 9. Qd1 Ne6 10. Qd2 0-0 11. Bd3 d6 12. 0-0 Nc5 13. Bc2 b6 14. Rac1 Bb7 15. f3 Rc8 16. b3 Nd7 17. Nb5 a6 18. Nd4 Ne5 19. Bd1 Qd7 20. Be2 Rb8 21. a4 Rfc8 22. Nc2 Bc6 23. Nb4 a5 24. Nd5 Bxd5 25. cxd5 Qd8 26. Ba6 Rxc1 27. Rxc1 Nd7 28. b4 axb4 29. Qxb4 Nc5 30. Bb5 Ra8 31. Qc4 Ra7 32. Bc6 Qc7 33. g3 h5 34. Kg2 Qd8 35. Rc2 Qc7 36. Qb4 Ra5 37. Rc4 Qa7 38. f4 Qa6 39. Bb5 Qa7 40. Bd4 Bxd4 41. Rxd4 Qc7 42. e5 dxe5 43. fxe5 Qxe5 44. Rc4 Qe2+ 45. Kg1 Qd1+ 46. Kf2 Nd3+ 0-1

[Event "Titled Tuesday intern op 11th Jun Late"]
[Site "Chess.com INT"]
[Date "2024.06.11"]
[Round "10"]
[White "Fule, Simon"]
[Black "Caku, Kler"]
[Result "1-0"]
[WhiteElo "2254"]
[BlackElo "1787"]
[PlyCount "79"]
[EventDate "2024.06.11"]
[EventType "swiss (blitz)"]
[EventRounds "11"]
[EventCountry "USA"]
[SourceTitle "EXT 2025"]
[Source "ChessBase"]
[SourceDate "2024.10.14"]
[SourceVersion "1"]
[SourceVersionDate "2024.10.14"]
[SourceQuality "1"]

1. e4 e5 2. Nf3 Nc6 3. Bb5 a6 4. Ba4 Nf6 5. 0-0 b5 6. Bb3 Be7 7. a4 Rb8 8. Re1 0-0 9. h3 d6 10. d3 Na5 11. Ba2 c5 12. c3 Qc7 13. Nbd2 Ra8 14. Nf1 Bd7 15. Ng3 Rfb8 16. d4 c4 17. axb5 axb5 18. Bg5 h6 19. Be3 b4 20. Qe2 bxc3 21. bxc3 Nb3 22. Rab1 Ra3 23. Rb2 Qa5 24. Qxc4 Ra4 25. Qe2 Qxc3 26. dxe5 dxe5 27. Reb1 Rab4 28. Qd1 Be6 29. Nf5 Bf8 30. Bxb3 Rxb3 31. Rxb3 Rxb3 32. Rxb3 Bxb3 33. Qd8 Qb4 34. Nxe5 Nxe4 35. Nd7 Qe1+ 36. Kh2 Qb4 37. Nxf8 Qxf8 38. Ne7+ Kh7 39. Qxf8 h5 40. Qg8# 1-0

[Event "Titled Tuesday intern op 11th Jun Late"]
[Site "Chess.com INT"]
[Date "2024.06.11"]
[Round "8"]
[White "Kalavannan, Koby"]
[Black "Fule, Simon"]
[Result "1-0"]
[WhiteElo "2265"]
[BlackElo "2254"]
[PlyCount "63"]
[EventDate "2024.06.11"]
[EventType "swiss (blitz)"]
[EventRounds "11"]
[EventCountry "USA"]
[SourceTitle "EXT 2025"]
[Source "ChessBase"]
[SourceDate "2024.10.14"]
[SourceVersion "1"]
[SourceVersionDate "2024.10.14"]
[SourceQuality "1"]

1. c4 e5 2. g3 g6 3. Bg2 Bg7 4. Nc3 d6 5. e3 f5 6. Nge2 Nf6 7. 0-0 0-0 8. b4 Nc6 9. b5 Ne7 10. a4 c6 11. Ba3 Be6 12. d3 Qd7 13. Rb1 d5 14. cxd5 cxd5 15. d4 e4 16. Nf4 g5 17. Nxe6 Qxe6 18. Qb3 Rfc8 19. Bxe7 Qxe7 20. Nxd5 Nxd5 21. Qxd5+ Qf7 22. Qxf7+ Kxf7 23. Rfc1 Ke6 24. g4 b6 25. gxf5+ Kxf5 26. Bh3+ g4 27. Bf1 h5 28. Bc4 Rd8 29. Bf7 Rd7 30. Bb3 h4 31. Rc6 g3 32. Be6+ 1-0

[Event "Titled Tuesday intern op 11th Jun Late"]
[Site "Chess.com INT"]
[Date "2024.06.11"]
[Round "7"]
[White "Skotheim, Andreas"]
[Black "Fule, Simon"]
[Result "0-1"]
[WhiteElo "2225"]
[BlackElo "2254"]
[PlyCount "126"]
[EventDate "2024.06.11"]
[EventType "swiss (blitz)"]
[EventRounds "11"]
[EventCountry "USA"]
[SourceTitle "EXT 2025"]
[Source "ChessBase"]
[SourceDate "2024.10.14"]
[SourceVersion "1"]
[SourceVersionDate "2024.10.14"]
[SourceQuality "1"]

1. Nc3 e5 2. e4 Nf6 3. d4 exd4 4. Qxd4 Nc6 5. Qd3 Bb4 6. Bd2 0-0 7. 0-0-0 Re8 8. Bg5 Bxc3 9. bxc3 h6 10. Bh4 Qe7 11. f3 Qa3+ 12. Kb1 Nh7 13. g4 d6 14. Bg3 Be6 15. c4 Qa5 16. Be1 Qa6 17. Qc3 Ne5 18. c5 Qxa2+ 19. Kc1 Nc6 20. Bb5 dxc5 21. Ne2 Red8 22. Rxd8+ Rxd8 23. Nf4 Nd4 24. Bd3 Ng5 25. Qxc5 Ngxf3 26. Bc3 b6 27. Qxc7 Rc8 28. Nxe6 Rxc7 29. Nxc7 Qa3+ 30. Bb2 Qc5 31. Nd5 Ne5 32. Kd2 Nc4+ 33. Bxc4 Qxc4 34. Ne3 Qb4+ 35. Bc3 Qd6 36. Kc1 Nf3 37. Rf1 Qf4 38. Bd2 Qxe4 39. Nf5 Qxg4 40. Be1 Nxe1 41. Ne7+ Kf8 42. Rxe1 Qg5+ 43. Kb2 Qxe7 44. Rxe7 Kxe7 45. Kb3 Kd6 46. Kb4 a6 47. Kc4 f5 48. Kd4 g5 49. h4 gxh4 50. Ke3 h3 51. Kf3 a5 52. Kg3 a4 53. Kxh3 a3 54. c4 a2 55. c5+ Kxc5 56. Kh4 a1Q 57. Kh5 f4 58. Kg6 Qg1+ 59. Kf5 f3 60. Ke6 f2 61. Kd7 f1Q 62. Kc8 Qf7 63. Kb8 Qgg8# 0-1

[Event "Titled Tuesday intern op 11th Jun Late"]
[Site "Chess.com INT"]
[Date "2024.06.11"]
[Round "1"]
[White "Tejedor Fuente, Enrique"]
[Black "Fule, Simon"]
[Result "1-0"]
[WhiteElo "2400"]
[BlackElo "2254"]
[PlyCount "61"]
[EventDate "2024.06.11"]
[EventType "swiss (blitz)"]
[EventRounds "11"]
[EventCountry "USA"]
[SourceTitle "EXT 2025"]
[Source "ChessBase"]
[SourceDate "2024.10.14"]
[SourceVersion "1"]
[SourceVersionDate "2024.10.14"]
[SourceQuality "1"]

1. Nc3 Nf6 2. Nf3 g6 3. d3 Bg7 4. g3 0-0 5. Bg2 d6 6. 0-0 e5 7. Rb1 c6 8. b4 Nbd7 9. a4 d5 10. b5 Qc7 11. Ba3 Re8 12. Nd2 Nf8 13. Nb3 d4 14. Ne4 Nxe4 15. Bxe4 f5 16. Bg2 Be6 17. Nc5 Bd5 18. bxc6 bxc6 19. Rb7 Qc8 20. Qb1 Ne6 21. Nxe6 Rxe6 22. Bc5 a6 23. Qb6 Bxg2 24. Kxg2 e4 25. Rb1 exd3 26. Bxd4 Bf8 27. Rc7 Qe8 28. Qb7 Re7 29. exd3 Rxc7 30. Qxc7 Rd8 31. Rb7 1-0

[Event "HUN-chT1 Maroczy 2324"]
[Site "Hungary"]
[Date "2024.04.07"]
[Round "9.2"]
[White "Fule, Simon"]
[Black "Mester, Gyula"]
[Result "1/2-1/2"]
[WhiteElo "2262"]
[BlackElo "2324"]
[PlyCount "80"]
[EventDate "2023.10.08"]
[EventType "team-tourn"]
[EventRounds "11"]
[EventCountry "HUN"]
[SourceTitle "EXT 2025"]
[Source "ChessBase"]
[SourceDate "2024.10.14"]
[SourceVersion "1"]
[SourceVersionDate "2024.10.14"]
[SourceQuality "1"]
[WhiteTeam "DVTK EMSE"]
[BlackTeam "Debrecen Sakkiskola"]
[WhiteTeamCountry "HUN"]
[BlackTeamCountry "HUN"]

1. e4 e5 2. Nf3 Nc6 3. Bb5 a6 4. Ba4 d6 5. 0-0 Bd7 6. d4 Nxd4 7. Bxd7+ Qxd7 8. Nxd4 exd4 9. Qxd4 Nf6 10. c4 Be7 11. Nc3 0-0 12. b3 b5 13. Bb2 c6 14. Rad1 Qa7 15. Qd3 Rad8 16. Ne2 d5 17. cxd5 cxd5 18. Bxf6 dxe4 19. Qxd8 Bxd8 20. Bxd8 Qc5 21. Nf4 Qc2 22. Be7 Re8 23. b4 Qxa2 24. g3 h5 25. Bc5 h4 26. Ra1 Qb3 27. Rfe1 g5 28. Ng2 h3 29. Ne3 Ra8 30. Red1 Qb2 31. Rab1 Qe2 32. Rd5 f6 33. Rbd1 Kf7 34. Rf5 Re8 35. Rfd5 Re5 36. Rxe5 fxe5 37. Ra1 Qb2 38. Rxa6 Qb1+ 39. Nf1 g4 40. Ra3 Ke6 1/2-1/2

[Event "HUN-ch U20"]
[Site "Szolnok"]
[Date "2024.04.04"]
[Round "7"]
[White "Frank, Balint"]
[Black "Fule, Simon"]
[Result "0-1"]
[WhiteElo "1939"]
[BlackElo "2262"]
[PlyCount "54"]
[EventDate "2024.03.31"]
[EventType "swiss"]
[EventRounds "9"]
[EventCountry "HUN"]
[SourceTitle "CBM 219 Extra"]
[Source "ChessBase"]
[SourceDate "2024.05.31"]
[SourceVersion "1"]
[SourceVersionDate "2024.05.31"]
[SourceQuality "1"]

1. d4 Nf6 2. c4 g6 3. g3 Bg7 4. Bg2 0-0 5. Nc3 d6 6. Nf3 Nc6 7. 0-0 e5 8. dxe5 dxe5 9. Bg5 Be6 10. Nd2 Qb8 11. Qa4 Nd7 12. Bxc6 bxc6 13. Qxc6 Qxb2 14. Nd5 e4 15. Rab1 Qxa2 16. Rb7 Ne5 17. Qc5 Bxd5 18. cxd5 h6 19. Be3 Rfd8 20. Qxc7 Qxd5 21. Rxa7 Rxa7 22. Qxa7 Ng4 23. Rd1 Nxe3 24. Qxe3 Qa2 25. Kf1 Qc2 26. Ke1 Rxd2 27. Rxd2 Qc1+ 0-1

[Event "HUN-chT1 Maroczy 2324"]
[Site "Hungary"]
[Date "2023.10.08"]
[Round "1.2"]
[White "Okhotnik, Vladimir"]
[Black "Fule, Simon"]
[Result "0-1"]
[WhiteElo "2324"]
[BlackElo "2262"]
[PlyCount "90"]
[EventDate "2023.10.08"]
[EventType "team-tourn"]
[EventRounds "11"]
[EventCountry "HUN"]
[SourceTitle "EXT 2025"]
[Source "ChessBase"]
[SourceDate "2024.10.14"]
[SourceVersion "1"]
[SourceVersionDate "2024.10.14"]
[SourceQuality "1"]
[WhiteTeam "NYVSC"]
[BlackTeam "DVTK EMSE"]
[WhiteTeamCountry "HUN"]
[BlackTeamCountry "HUN"]

1. c4 e5 2. e3 d6 3. d4 Nd7 4. Nc3 g6 5. g3 Bg7 6. Bg2 f5 7. Nge2 Ngf6 8. b4 0-0 9. Qb3 Kh8 10. 0-0 Qe7 11. Bb2 c6 12. a4 e4 13. h4 Re8 14. b5 a5 15. Ba3 Nf8 16. bxc6 bxc6 17. d5 c5 18. Nb5 Ng4 19. Bb2 Ne5 20. Nf4 h6 21. Rad1 Kh7 22. Rfe1 g5 23. hxg5 hxg5 24. Nh5 Bh8 25. Bxe5 Bxe5 26. g4 Kh6 27. Ng3 Bxg3 28. fxg3 fxg4 29. Kf2 Qf6+ 30. Ke2 Rb8 31. Qc3 Qxc3 32. Nxc3 Ba6 33. Rh1+ Kg7 34. Nb5 Bxb5 35. axb5 Nd7 36. Ra1 Ra8 37. Kd2 a4 38. Kc3 a3 39. Kb3 Nb6 40. Bf1 Rf8 41. Be2 Rf2 42. Rae1 a2 43. Bxg4 Ra4 44. Be2 Rb4+ 45. Kxa2 Rf8 0-1

[Event "Titled Tuesday intern op 11th Jul Early"]
[Site "Chess.com INT"]
[Date "2023.07.11"]
[Round "11"]
[White "Girya, Olga"]
[Black "Fule, Simon"]
[Result "1-0"]
[WhiteElo "2402"]
[BlackElo "2218"]
[PlyCount "65"]
[EventDate "2023.07.11"]
[EventType "swiss (blitz)"]
[EventRounds "11"]
[EventCountry "USA"]
[SourceTitle "EXT 2024"]
[Source "ChessBase"]
[SourceDate "2023.10.10"]
[SourceVersion "1"]
[SourceVersionDate "2023.10.10"]
[SourceQuality "1"]

1. d4 Nf6 2. Nf3 g6 3. Bg5 Bg7 4. Nbd2 0-0 5. c3 d6 6. e4 c5 7. dxc5 dxc5 8. Bc4 Nc6 9. 0-0 Qc7 10. h3 b6 11. Re1 e5 12. Bd5 Bb7 13. Nc4 Rfe8 14. Qc2 b5 15. Ne3 h6 16. Bxf6 Bxf6 17. a4 a6 18. axb5 axb5 19. Qb3 Na7 20. Red1 Bg7 21. h4 c4 22. Qc2 h5 23. Ng5 Bxd5 24. Nxd5 Qb7 25. b3 Nc6 26. bxc4 Rxa1 27. Rxa1 bxc4 28. Qa4 Rc8 29. Qxc4 Bh6 30. Nf3 Kh7 31. Qa2 Ne7 32. Rb1 Qd7 33. Nb6 1-0

[Event "Titled Tuesday intern op 11th Jul Early"]
[Site "Chess.com INT"]
[Date "2023.07.11"]
[Round "10"]
[White "Kim, Sergey2"]
[Black "Fule, Simon"]
[Result "1/2-1/2"]
[WhiteElo "2295"]
[BlackElo "2218"]
[PlyCount "74"]
[EventDate "2023.07.11"]
[EventType "swiss (blitz)"]
[EventRounds "11"]
[EventCountry "USA"]
[SourceTitle "EXT 2024"]
[Source "ChessBase"]
[SourceDate "2023.10.10"]
[SourceVersion "1"]
[SourceVersionDate "2023.10.10"]
[SourceQuality "1"]

1. d4 Nf6 2. c4 d6 3. Nc3 g6 4. e4 Bg7 5. Nge2 0-0 6. Ng3 e5 7. d5 a5 8. Be2 Na6 9. 0-0 Nc5 10. Be3 b6 11. h3 Nfd7 12. Qd2 f5 13. exf5 gxf5 14. f4 e4 15. Nh5 Bh8 16. Nb5 Nf6 17. Nd4 Nxh5 18. Bxh5 Bd7 19. Be2 Qe7 20. Kh2 Rf6 21. Rg1 Rg6 22. Raf1 Bf6 23. g4 fxg4 24. f5 g3+ 25. Kh1 g2+ 26. Rxg2 Rxg2 27. Kxg2 Kh8 28. Ne6 Rg8+ 29. Kh1 Bxe6 30. fxe6 Be5 31. Bg4 Rxg4 32. hxg4 Qh4+ 33. Kg1 Qg3+ 34. Kh1 Qh3+ 35. Kg1 Qg3+ 36. Kh1 Qh3+ 37. Kg1 Qg3+ 1/2-1/2

[Event "Titled Tuesday intern op 21st Mar Early"]
[Site "Chess.com INT"]
[Date "2023.03.21"]
[Round "10"]
[White "Fule, Simon"]
[Black "Shapiro, Viktor"]
[Result "1-0"]
[WhiteElo "2208"]
[BlackElo "2192"]
[PlyCount "113"]
[EventDate "2023.03.21"]
[EventType "swiss (blitz)"]
[EventRounds "11"]
[EventCountry "USA"]
[SourceTitle "EXT 2024"]
[Source "ChessBase"]
[SourceDate "2023.10.10"]
[SourceVersion "1"]
[SourceVersionDate "2023.10.10"]
[SourceQuality "1"]

1. e4 c5 2. Nf3 d6 3. d4 cxd4 4. Nxd4 Nf6 5. Nc3 a6 6. f3 e5 7. Nb3 Be6 8. Be3 Nbd7 9. Qd2 h5 10. Nd5 Nxd5 11. exd5 Bf5 12. Be2 Qc7 13. Na5 Be7 14. 0-0 0-0 15. c4 Rac8 16. b4 h4 17. Rac1 Rfe8 18. Rfd1 h3 19. g4 Bg6 20. c5 Bf8 21. c6 bxc6 22. Rxc6 Qd8 23. Bxa6 Rb8 24. b5 e4 25. f4 Qh4 26. Qe2 f5 27. Bf2 Qxg4+ 28. Qxg4 fxg4 29. Be3 Bf5 30. Nc4 Red8 31. a4 Nc5 32. Bxc5 dxc5 33. d6 g6 34. Ne5 e3 35. Kf1 Be4 36. Rxc5 g3 37. hxg3 h2 38. Ke2 Rxd6 39. Rcc1 Rxd1 40. Rxd1 h1Q 41. Rxh1 Bxh1 42. Kxe3 Bc5+ 43. Kd3 Kg7 44. Kc4 Bb6 45. Nd7 Bc7 46. Nxb8 Bxb8 47. b6 Kf6 48. Kc5 Ke7 49. Bb5 g5 50. Bc6 gxf4 51. gxf4 Bxf4 52. Bxh1 Kd8 53. Kc6 Kc8 54. a5 Kb8 55. a6 Be3 56. a7+ Kc8 57. a8Q# 1-0

[Event "Titled Tuesday intern op 14th Mar Late"]
[Site "Chess.com INT"]
[Date "2023.03.14"]
[Round "8"]
[White "Kornyukov, Alexey"]
[Black "Fule, Simon"]
[Result "0-1"]
[WhiteElo "2452"]
[BlackElo "2208"]
[PlyCount "90"]
[EventDate "2023.03.14"]
[EventType "swiss (blitz)"]
[EventRounds "11"]
[EventCountry "USA"]
[SourceTitle "EXT 2024"]
[Source "ChessBase"]
[SourceDate "2023.10.10"]
[SourceVersion "1"]
[SourceVersionDate "2023.10.10"]
[SourceQuality "1"]

1. d4 Nf6 2. c4 d6 3. Nc3 g6 4. e4 Bg7 5. f3 0-0 6. Bg5 c5 7. d5 Nbd7 8. Nh3 h6 9. Be3 Ne5 10. Nf2 a6 11. a4 Qb6 12. Qc1 Kh7 13. a5 Qc7 14. Be2 e6 15. 0-0 exd5 16. cxd5 Ng8 17. Qd2 f5 18. f4 Nf7 19. Na4 Ne7 20. Nb6 Rb8 21. g4 fxe4 22. Nxe4 Bd7 23. h3 Rbe8 24. Bd3 Bb5 25. Rf2 Qd8 26. Raf1 Kh8 27. Ng3 Bf6 28. Kg2 Bh4 29. Re2 Bxg3 30. Kxg3 Kg7 31. Qc3+ Kh7 32. b3 Ng8 33. Rfe1 Nf6 34. Bc1 Rxe2 35. Rxe2 Re8 36. Rxe8 Nxe8 37. Bb2 Qe7 38. Bxb5 axb5 39. Nc8 Qe2 40. Nxd6 b4 41. Qxc5 Nexd6 42. Bf6 Ne4+ 43. Kh4 Nxc5 44. g5 h5 45. f5 Qf2# 0-1

[Event "HUN-ch U20"]
[Site "Budapest"]
[Date "2023.02.20"]
[Round "1"]
[White "Toth, Lili1"]
[Black "Fule, Simon"]
[Result "1-0"]
[WhiteElo "2019"]
[BlackElo "2243"]
[PlyCount "73"]
[EventDate "2023.02.20"]
[EventType "swiss"]
[EventRounds "7"]
[EventCountry "HUN"]
[SourceTitle "CBM 212 Extra"]
[Source "ChessBase"]
[SourceDate "2023.03.31"]
[SourceVersion "1"]
[SourceVersionDate "2023.03.31"]
[SourceQuality "1"]

1. d4 Nf6 2. c4 d6 3. Nc3 Nbd7 4. e4 e5 5. Nf3 g6 6. Be2 Bg7 7. 0-0 0-0 8. Be3 c6 9. d5 c5 10. Ne1 Ne8 11. g4 f5 12. gxf5 gxf5 13. exf5 Nb6 14. Nf3 Bxf5 15. Ng5 Qd7 16. Kh1 Nc8 17. Rg1 Kh8 18. Bg4 Nc7 19. Bxf5 Qxf5 20. Rg4 Bh6 21. Nxh7 Rg8 22. Rxg8+ Kxg8 23. Bxh6 Kxh7 24. Be3 Ne7 25. Qe2 b5 26. Bxc5 dxc5 27. d6 bxc4 28. dxc7 Nc6 29. Rg1 Rc8 30. Qxc4 Nd4 31. Qxc5 Qf3+ 32. Rg2 Qf6 33. Ne4 Qh4 34. Ng5+ Kh6 35. Qd6+ Kh5 36. Qxe5 Nc6 37. Qf5 1-0

[Event "HUN-chT1 Maroczy 2223"]
[Site "Hungary"]
[Date "2022.12.04"]
[Round "2.2"]
[White "Fule, Simon"]
[Black "Peczely, Sebastian Zsombor"]
[Result "1-0"]
[WhiteElo "2208"]
[BlackElo "2368"]
[PlyCount "47"]
[EventDate "2022.11.20"]
[EventType "team-tourn"]
[EventRounds "9"]
[EventCountry "HUN"]
[SourceTitle "EXT 2025"]
[Source "ChessBase"]
[SourceDate "2024.10.14"]
[SourceVersion "1"]
[SourceVersionDate "2024.10.14"]
[SourceQuality "1"]
[WhiteTeam "DVTK"]
[BlackTeam "Maroczy"]
[WhiteTeamCountry "HUN"]
[BlackTeamCountry "HUN"]

1. e4 e5 2. Nf3 Nc6 3. Bb5 Nge7 4. c3 Ng6 5. d4 exd4 6. cxd4 d5 7. Qa4 Nge7 8. exd5 Qxd5 9. Nc3 Qe6+ 10. Be3 Bd7 11. 0-0 0-0-0 12. Rfd1 Nd5 13. Ng5 Qf5 14. Bd3 Nxc3 15. bxc3 Qd5 16. c4 Nb8 17. Qxa7 Qc6 18. Nxf7 Re8 19. Nxh8 Rxe3 20. fxe3 Qh6 21. Nf7 Qxe3+ 22. Kh1 Bg4 23. Ne5 Bxd1 24. Bf5+ 1-0

[Event "HUN-chT1 Maroczy 2223"]
[Site "Hungary"]
[Date "2022.11.20"]
[Round "1.2"]
[White "Emodi, Barnabas"]
[Black "Fule, Simon"]
[Result "1-0"]
[WhiteElo "2341"]
[BlackElo "2220"]
[PlyCount "71"]
[EventDate "2022.11.20"]
[EventType "team-tourn"]
[EventRounds "9"]
[EventCountry "HUN"]
[SourceTitle "EXT 2025"]
[Source "ChessBase"]
[SourceDate "2024.10.14"]
[SourceVersion "1"]
[SourceVersionDate "2024.10.14"]
[SourceQuality "1"]
[WhiteTeam "Debrecen Sakkiskola"]
[BlackTeam "DVTK"]
[WhiteTeamCountry "HUN"]
[BlackTeamCountry "HUN"]

1. d4 Nf6 2. c4 d6 3. Nc3 Nbd7 4. Nf3 g6 5. e4 Bg7 6. Bd3 0-0 7. 0-0 e5 8. d5 Nc5 9. Bc2 a5 10. Bg5 h6 11. Bh4 g5 12. Bg3 Nh5 13. Ne1 Nf4 14. Rb1 b6 15. a3 Na6 16. b4 axb4 17. axb4 h5 18. f3 Bh6 19. Nd3 Kh8 20. Be1 Rg8 21. Ne2 Bd7 22. Ng3 h4 23. Nf5 Bg7 24. Nf2 Ng6 25. g3 Ne7 26. f4 Nxf5 27. exf5 Bf6 28. fxe5 Bxe5 29. Ne4 f6 30. Qh5+ Kg7 31. Nxg5 fxg5 32. f6+ Kf8 33. Qh6+ Kf7 34. Bg6+ Rxg6 35. Qh7+ Kf8 36. Qxg6 1-0